000 00694nam a2200253Ia 4500
003 OSt
005 20250312112214.0
008 210329s9999||||xx |||||||||||||| ||und||
020 _a9788185618722
040 _cSTCPL
041 _aENG
082 _a954.054 91
_bBRI-R
100 _a Bridget
100 _aAllchin, Raymond
245 4 _aThe rise of civilization in India and pakistan /
_cby Bridget and Raymond Allchin
260 _aLondon :
_bCambridge University Press ,
_c1996 .
300 _a379p.
_bPB
650 _aConstituent elements
650 _aIndus urbanism
650 _aThe legacy of the indus civilization
650 _aHistory
942 _cBK
942 _2ddc
_n0
999 _c51762
_d51762